| 000 | 02291cam a22003854i 4500 | ||
|---|---|---|---|
| 003 | PE-LiUPU | ||
| 005 | 20250731183415.0 | ||
| 008 | 150623s r 000 0 d | ||
| 020 | _a082801129X | ||
| 035 | _a(Sirsi) i9780828011297 | ||
| 040 |
_aPE-LiUPU _bspa _cPE-LiUPU _erda |
||
| 049 | _aPRUA | ||
| 082 | 0 | 4 |
_a796.6 _bH19 _221 |
| 100 | 1 |
_aHamlin, Charlotte Ella, _e1918-, _eautor. |
|
| 245 | 1 | 0 |
_aRide with the wind : _bthe adventures of a grandmother who bicicled around the world / _cCharlotte Ella Hamlin. |
| 264 | 1 |
_aHagerstown, MD : _bReview and Herald Publishing Association, _c1989. |
|
| 300 |
_a214 páginas : _bilustraciones fotos, mapas, diagrámas ; _c22 centímetros |
||
| 336 |
_atext _2rdacontent |
||
| 337 |
_aunmediated _2rdamedia |
||
| 338 |
_avolume _2rdacarrier |
||
| 505 | 0 | _aAmerica: Preparation. On the way. Battling a desert storm. On the interstate-but for how long?. Lost!. Across Texas. Not alone anymore. Crossing the Mississippi. A scare in the night. A movie in Atlanta. Finished at last. Homeward bound. Europe: Off to europe. My first crash. Over the top. Italy and the adriatic. Asia: On the way, alone. The ancient land of greece. The promised land. The longest day of my life. Rescued by a messenger. Chased at high noon. Hit from behind in Thailand. China, land of wonder. Detained in forbidden territory. Dangerous tunnels in Japan. The islands of the sea. One Thousand miles to my 70th birthday. Australia: Beautiful Australia. Rude Awakening. Canada: CBC movie send-off. Hypothermia!. Calgary and beyond. Escorted into winnepeg. The great north country. Honored in Canada's capital. Prime Minister-to-be. The rock-Newfoundland. Salud física. | |
| 526 | _aP158 | ||
| 526 | _aP146 | ||
| 526 | _aP17 | ||
| 526 | _aP12 | ||
| 526 | _aP06 | ||
| 650 | 0 | 4 | _aCiclismo. |
| 650 | 0 | 4 | _aEjercicios. |
| 942 |
_2ddc _cBOOK |
||
| 949 |
_a796.6 H19 _wDEWEY _c1 _i51289 _lCCODEBUL1 _mBUL _p13.00 _r0 _sY _tBOOK _u2015-6-24 _xTEOLOGIA _PP35 _0COMPRA _o.STAFF. Colección General |
||
| 994 |
_aC0 _bPEPRU |
||
| 596 | _a1 | ||
| 999 |
_a796.6 H19 _wDEWEY _c33001 _i51289 _f2021-11-30 _g5 _lCCODEBUL1 _mBUL _p13.00 _r0 _sY _tBOOK _u2015-6-24 _xEDUCACION _PP35 _0COMPRA _o.STAFF. Colección General _d33001 |
||
| 980 |
_81 _gALBERTO SANCHEZ Responsable de Automatización |
||